Camouflaged Capital Cities #4 - Statistics

General Stats
  • This quiz has been taken 76 times
  • The average score is 6 of 10
Answer Stats
Hint Capital % Correct
I decided not to be a barista after the espresso fiasco at the cafe Sofia
88%
Do your job and interpret or I ask for a replacement immediately Pretoria
77%
Can't you see he's searching for fruit? Give the man a guava already! Managua
75%
The zookeeper feeds an aardvark and five monkeys every day Sana'a
66%
On the way to the airport to get him, Phuket's weather deteriorated Thimphu
66%
At the bank, a bullet ended the life of Luca the Swiss burglar Kabul
64%
In chilly Syracuse, instead of a shower, a bath seems like a good idea Rabat
61%
When I am eying you through my fingers, you look really funny Niamey
55%
The Vietnam war hero met his supporters at the Republican rally Rome
54%
Every September on the rose bush, a bud habitually grows five petals Abu Dhabi
38%
No matching quizzes found
Score Distribution
Percent of People with Each Score
Percentile by Number Answered
Your Score History
You have not taken this quiz